[Event "Titled Tuesday intern op 18th Aug"]
[Site "Chess.com INT"]
[Date "2020.08.18"]
[Round "7"]
[White "Fajdetic, Hrvoje"]
[Black "Sergeyev, Alexander"]
[Result "1-0"]
[WhiteElo "2151"]
[BlackElo "2395"]
[PlyCount "105"]
[EventDate "2020.08.18"]
[EventType "swiss (blitz)"]
[EventRounds "10"]
[EventCountry "USA"]
[SourceTitle "CBM 197 Extra"]
[Source "ChessBase"]
[SourceDate "2020.09.30"]
[SourceVersion "1"]
[SourceVersionDate "2020.09.30"]
[SourceQuality "1"]

1. d4 d5 2. Bf4 c5 3. e3 Nc6 4. Nc3 Bf5 5. dxc5 e5 6. Bg3 Nf6 7. Na4 Bxc5 8. Nxc5 Qa5+ 9. c3 Qxc5 10. Nf3 e4 11. Nd4 Bg4 12. Qa4 0-0 13. Bh4 Nd7 14. Bb5 Nb6 15. Qb3 Ne5 16. 0-0 a6 17. Bg3 Nec4 18. Bxc4 dxc4 19. Qc2 Rfe8 20. h3 Bh5 21. Bh2 Nd7 22. g4 Bg6 23. Rfd1 h5 24. Qe2 Qg5 25. Bf4 Qh4 26. Kg2 Nc5 27. Bg3 Qf6 28. Qxc4 Nd3 29. gxh5 Bxh5 30. Rxd3 Bf3+ 31. Kh2 exd3 32. Qxd3 Rad8 33. Qc4 Be4 34. Re1 Bd5 35. Qe2 Qh6 36. Qg4 Be6 37. Qh4 Qg6 38. Rg1 Bd5 39. Bf4 Qe4 40. Qg3 g6 41. h4 Bc6 42. h5 Rd5 43. hxg6 Rh5+ 44. Qh3 Rxh3+ 45. Kxh3 fxg6 46. f3 Qd5 47. Rxg6+ Kf7 48. Rg4 Qxa2 49. Nf5 Rh8+ 50. Kg3 Qxb2 51. Nd6+ Ke6 52. Rg6+ Kd7 53. Rg7+ 1-0

[Event "Titled Tuesday intern op 4th Aug 10am"]
[Site "Chess.com INT"]
[Date "2020.08.04"]
[Round "1"]
[White "Sergeyev, Alexander"]
[Black "Bykhovsky, Anatoly"]
[Result "0-1"]
[WhiteElo "2395"]
[BlackElo "2496"]
[PlyCount "68"]
[EventDate "2020.08.04"]
[EventType "swiss (blitz)"]
[EventRounds "10"]
[EventCountry "USA"]
[SourceTitle "CBM 197 Extra"]
[Source "ChessBase"]
[SourceDate "2020.09.30"]
[SourceVersion "1"]
[SourceVersionDate "2020.09.30"]
[SourceQuality "1"]

1. d4 Nf6 2. c4 g6 3. Nf3 Bg7 4. Nc3 d5 5. Bg5 Ne4 6. h4 c6 7. e3 0-0 8. Bd3 Bf5 9. Bxe4 dxe4 10. Nd2 h6 11. g4 Bc8 12. Bf4 Qb6 13. Nb3 Rd8 14. Qe2 Nd7 15. 0-0-0 e5 16. Bg3 exd4 17. exd4 Re8 18. g5 Nf8 19. f4 Bf5 20. gxh6 Bf6 21. Qe3 Rad8 22. h5 Ne6 23. hxg6 fxg6 24. h7+ Kh8 25. Bh4 Bxh4 26. Rxh4 Qa6 27. d5 cxd5 28. Nxd5 Qxc4+ 29. Qc3+ Qxc3+ 30. Nxc3 Ng7 31. Rxd8 Rxd8 32. Nc5 Re8 33. Kd2 b6 34. Nb7 Re7 0-1

[Event "Titled Tuesday intern op 4th Aug 10am"]
[Site "Chess.com INT"]
[Date "2020.08.04"]
[Round "9"]
[White "Sergeyev, Alexander"]
[Black "Priyanka, K."]
[Result "1/2-1/2"]
[WhiteElo "2395"]
[BlackElo "2218"]
[PlyCount "51"]
[EventDate "2020.08.04"]
[EventType "swiss (blitz)"]
[EventRounds "10"]
[EventCountry "USA"]
[SourceTitle "CBM 197 Extra"]
[Source "ChessBase"]
[SourceDate "2020.09.30"]
[SourceVersion "1"]
[SourceVersionDate "2020.09.30"]
[SourceQuality "1"]

1. d4 Nf6 2. c4 g6 3. Nc3 Bg7 4. e4 d6 5. Nf3 0-0 6. Be2 e5 7. 0-0 Nc6 8. d5 Ne7 9. b4 Nh5 10. c5 Nf4 11. Bc4 f5 12. Re1 Kh8 13. Bxf4 exf4 14. e5 a5 15. a3 g5 16. Nxg5 dxe5 17. Qh5 h6 18. Rad1 axb4 19. axb4 e4 20. Nb5 Bd7 21. Nf7+ Rxf7 22. Qxf7 Be8 23. Qe6 Bd7 24. Qf7 Be8 25. Qe6 Bd7 26. Qf7 1/2-1/2